000 00424nam a22001697a 4500
005 20160520141240.0
008 160520b xxu||||| |||| 00| 0 eng d
020 _a978-0-07-463350-2
041 _aeng
082 _b3595
100 _aRanjan C.S. Sharm G. R & Mani VSV
_9887
245 _aInstrumentation Devices & Systems
260 _bMc Graw Hill
300 _a549
650 _aDIPLOMA ENGINEERING
_9817
942 _cBK
999 _c1216
_d1216